Exploración espacial.

Guardado en:
Formato: Deslizar
Series:Mirando el cielo
Materias:
Etiquetas: Agregar Etiqueta
Sin Etiquetas, Sea el primero en etiquetar este registro!
LEADER 00980ngm a22002775g 4500
001 CEM.cems022568
008 130507b2001##################0###0#####d
005 20241107183505.0
245 0 0 |a Exploración espacial. 
300 |a 31'. 
490 0 |a Mirando el cielo 
500 |a En soporte VHS, consultar en ventanilla. 
505 0 |a El espacio. Origenes de la investigación espacial y los viajes interplanetarios. Las naves espaciales: El Sputnik, Apolo. Llegada del hombre a la Luna. Los satélites: características y utilidades. 
538 |a Soporte: VHS - Norma: Pal N - Color: Si - Grabación DRD 2001 - Hitachi=4160 
082 5 2 |/ ATC 
653 |a ASTRONOMIA 
653 |a ESPACIO 
653 |a SATELITES 
653 |a LUNA 
653 |a VIAJES ESPACIALES 
653 |a NAVES ESPACIALES 
653 |a APOLO 
653 |a SPUTNIK 
653 |a NIVEL PRIMARIO 
653 |a NIVEL SECUNDARIO 
859 |a CEMS  |b BIB. CEMS - Depto. Recursos Didacticos  |h 520  |i ATC  |k DRD  |p 1211.12  |t Ej.1